000 00711cab a2200193 4500
001 L130156
008 050629n2005 000 0 eng u
035 _a(Sirsi) u130156
041 _aeng
100 _aBurns, Joe
245 _aDeveloping at a leisurely place
260 _c2005
490 _aQS Week
_v(9) 22 June 2005, 12-13(2)
520 _aGives a broad view of the factors that affect the costs of typical leisure and recreational facilities usually associated with an out of town retail or business park development. With tables that review the components of a leisure complex.
590 _aIKA040705
690 _aBUILT ENVIRONMENT-BUILDING COSTS
700 _aNicholson, Stuart
942 _n0
999 _c75469
_d75469